مکاشفات کشفی / (Record no. 243590)
[ view plain ]
| 000 -LEADER | |
|---|---|
| fixed length control field | 00586nam a22001817a 4500 |
| 003 - CONTROL NUMBER IDENTIFIER | |
| control field | BD-DhUL |
| 005 - DATE AND TIME OF LATEST TRANSACTION | |
| control field | 20210829103648.0 |
| 008 - FIXED-LENGTH DATA ELEMENTS--GENERAL INFORMATION | |
| fixed length control field | 180920s1958 pk ||||| |||| 000 0 urd d |
| 040 ## - CATALOGING SOURCE | |
| Original cataloging agency | BD-DhUL |
| Transcribing agency | BD-DhUL |
| 082 ## - DEWEY DECIMAL CLASSIFICATION NUMBER | |
| Classification number | 891.431 |
| Item number | KAM |
| 100 0# - MAIN ENTRY--PERSONAL NAME | |
| Personal name | مرزا ابو جعفر کشفی۔ |
| 245 0# - TITLE STATEMENT | |
| Title | مکاشفات کشفی / |
| Statement of responsibility, etc. | مرزا ابو جعفر کشفی۔ |
| 246 ## - VARYING FORM OF TITLE | |
| Title proper/short title | Mukāshifāt-e Kasḥfī |
| 260 ## - PUBLICATION, DISTRIBUTION, ETC. (IMPRINT) | |
| Place of publication, distribution, etc. | کراچی : |
| Name of publisher, distributor, etc. | اکیڈ یمی آف ایجوکیشنل ایرچ، |
| Date of publication, distribution, etc. | ۱۹۵۸۔ |
| 300 ## - PHYSICAL DESCRIPTION | |
| Extent | ص۔ ۲۰۹ ؛ |
| Dimensions | ۱۸ سم۔ |
| 650 #4 - SUBJECT ADDED ENTRY--TOPICAL TERM | |
| Topical term or geographic name as entry element | Urdu poetry. |
| 942 ## - ADDED ENTRY ELEMENTS (KOHA) | |
| Source of classification or shelving scheme | |
| Koha item type | Books |
| Price effective from | Date last seen | Permanent Location | Not for loan | Date acquired | Source of classification or shelving scheme | Koha item type | Lost status | Withdrawn status | Copy number | Source of acquisition | Collection code | Damaged status | Shelving location | Barcode | Current Location | Full call number |
|---|---|---|---|---|---|---|---|---|---|---|---|---|---|---|---|---|
| 2018-09-20 | 2018-09-20 | Dhaka University Library | 2018-09-20 | Books | 1 | Purchased | Non Fiction | General Stacks | A37540 | Dhaka University Library | 891.431 KAM |
